00515nam a2200157Ia 4500100002400000650002100024942000700045366000900052654002000061245003300081260002400114082002100138546001200159999001700171952016900188 aMrozowski/ Michael  aElectromagnetics cBK f17.5 aelectromagnetic aGuided Electromagnetic waves bprentice hallc2008 a530.141/MRObMRO aENGLISH c21524d21524 001040708CRCaCRCEbCRCEd2023-03-17eEducational books and periodicalsg325.88i263 dt 05/05/2009l0o530.141/MRO MROp19504r2023-03-17v395.00w0000-00-00yBK